| 000 -CABECERA |
| fixed length control field |
01599nam a22002057a 4500 |
| 003 - IDENTIFICADOR DEL NÚMERO DE CONTROL |
| control field |
AR-CdUCM |
| 008 - DATOS DE LONGITUD FIJA--INFORMACIÓN GENERAL |
| fixed length control field |
190318b ||||| |||| 00| 0 spa d |
| 040 ## - FUENTE DE LA CATALOGACIÓN |
| Agencia/entidad que catalogó originalmente la obra |
MUNICIPALIDAD PROVINCIAL DEL CUSCO |
| Entidad que transcribió la catalogación |
BIBLIOTECA MUNICIPAL DEL CUSCO |
| 082 ## - NÚMERO DE LA CLASIFICACIÓN DECIMAL DEWEY |
| No. de Clasificación |
151 / |
| Notacion interna |
EN56 |
| No. de la edición |
Decima sexta |
| 110 ## - ENTRADA PRINCIPAL--NOMBRE DE ENTIDAD CORPORATIVA |
| Nombre de la institución, jurisdicción como entrada principal |
Editorial Grijalbo |
| 9 (RLIN) |
18741 |
| 245 ## - MENCIÓN DE TÍTULO |
| Título |
Enciclopedia de psicología / |
| 260 ## - PUBLICACIÓN, DISTRIBUCIÓN, ETC. |
| Lugar de publicación, distribución, etc. |
México : |
| Nombre de la editorial, distribuidor, etc. |
Grijalbo, |
| Fecha de publicación, distribución, etc. |
1960. |
| 300 ## - DESCRIPCIÓN FÍSICA |
| Nº de Páginas Extensión |
6 tomos; |
| Dimensiones |
22 cm. |
| 505 ## - NOTA DE CONTENIDO CON FORMATO |
| Nota de contenido formateada |
Contenido : t.1 Problemas y métodos de la psicología -- La actividad nerviosa superior -- Desarrollo de la psiquis. la conciencia humana -- Las sensaciones -- Los actos voluntarios -- t.2 Objeto de la psicología -- Métodos de la psicología -- Historia de la psicología -- El problema de la evolución en psicología -- La memoria -- t.3 Etapas y formas del desarrollo psíquico -- Crecimiento y desarrollo -- La edad evolutiva -- Orígenes de la sociabilidad -- La vida en sociedad -- t.4 Etapas y formas del desarrollo psíquico -- Orígenes de la sociabilidad -- Los instrumentos intelectuales -- La personalización -- Psicobiologia de la motivación -- t.5 Psicopatolgia general -- Psiquiatría especial -- Materia y objeto de la psiquiatría -- Patología de la memoria -- Rabia -- t.6 La personalidad en la naturaleza, la sociedad y la cultura -- Concepto de la personalidad -- La formación de la personalidad -- Determinación de la situación -- Determinación de grupo social ... |
| 650 ## - PUNTO DE ACCESO ADICIONAL DE MATERIA--TÉRMINO DE MATERIA |
| Descriptor |
Psicología humana |
| 9 (RLIN) |
18742 |
| 650 ## - PUNTO DE ACCESO ADICIONAL DE MATERIA--TÉRMINO DE MATERIA |
| Descriptor |
Las necesidades |
| 9 (RLIN) |
18743 |
| 650 ## - PUNTO DE ACCESO ADICIONAL DE MATERIA--TÉRMINO DE MATERIA |
| Descriptor |
Los sentimientos |
| 9 (RLIN) |
18744 |
| 942 ## - ELEMENTOS DE PUNTO DE ACCESO ADICIONAL (KOHA) |
| Fuente de clasificación |
|
| Tipo de item |
Libros-BMC |
| 945 ## - PROCESAMIENTO DE INFORMACIÓN LOCAL (OCLC) |
| Catalogador |
rum |